000 00492pab a2200169 454500
008 180718b2002 xxu||||| |||| 00| 0 eng d
100 _aRati Ram
245 _aForeign direct investment and economic growth: evidence from cross-country data for the 1990s
260 _c2002
300 _ap.205-15.
362 _aOct
650 _aEconomic growth
650 _aForeign investment
700 _aZhang, Kevin Honglin
773 _aEconomic Development and Cultural Change
909 _a56056
999 _c56056
_d56056